Droit constitutionnel et institutions politiques
محفوظ في:
| المؤلف الرئيسي: | |
|---|---|
| التنسيق: | كتاب |
| اللغة: | الفرنسية |
| منشور في: |
París
Librairie Générale de Droit et de Jurisprudence
1962
|
| سلاسل: | L'Aide-Mémoire de L'Etudiant en Droit
|
| الموضوعات: | |
| الوسوم: |
إضافة وسم
لا توجد وسوم, كن أول من يضع وسما على هذه التسجيلة!
|
MARC
| LEADER | 00000nam a2200000 a 4500 | ||
|---|---|---|---|
| 001 | UCT9654 | ||
| 003 | CL-VaPUC | ||
| 008 | 970411e19620000FR |||||||||||||||||fre|d | ||
| 082 | 0 | 4 | |a 342.044 |b BAR |2 21 |
| 100 | 0 | |a Barraine, Raymond |e author |9 382536 | |
| 245 | 1 | 0 | |a Droit constitutionnel et institutions politiques |
| 300 | |a 176 p | ||
| 942 | |c BK | ||
| 945 | |d 19970411 00:00:00 |a paguirre | ||
| 260 | |a París |b Librairie Générale de Droit et de Jurisprudence |c 1962 | ||
| 650 | 0 | |a Derecho constitucional |9 222588 | |
| 650 | 0 | |a Constituciones |9 255417 | |
| 650 | 0 | |a Poder político |9 255509 | |
| 650 | 0 | |a Soberanía |9 266726 | |
| 650 | 7 | |a SISTEMAS POLITICOS |2 CL-VaPUC |9 382537 | |
| 650 | 0 | |a Derechos civiles y políticos |9 338684 | |
| 651 | 0 | |a Francia |9 255157 | |
| 583 | |a last modification |c 19970411 00:00:00 |k Rodrigo Vera | ||
| 490 | 0 | |a L'Aide-Mémoire de L'Etudiant en Droit | |
| 999 | |c 258035 |d 258033 | ||
| 952 | |0 0 |1 0 |4 0 |6 342_044000000000000_BAR_1962 |7 0 |8 A |9 281796 |a BIBDER |b BIBDER |d 2019-11-19 |i 1828231 |o 342.044 BAR 1962 |p 1828231 |r 2023-01-25 |w 2019-11-19 |y BK |k DER | ||